| 000 | 00452nam a2200157 4500 | ||
|---|---|---|---|
| 005 | 20260204055806.0 | ||
| 008 | 260204b |||||||| |||| 00| 0 eng d | ||
| 020 | _a9789966047335 | ||
| 050 |
_aHF5635 _b.M35 2022 |
||
| 100 | _aMaloba, Paul | ||
| 245 |
_aAdvanced management accounting: _brevision kit |
||
| 260 |
_aNairobi, Kenya _bStrathmore University Press _c2022 |
||
| 300 |
_a212 p.: _c28 cm. |
||
| 650 | _aManagement accounting | ||
| 942 |
_2lcc _cBK |
||
| 999 |
_c60129 _d60129 |
||